|
|
|
|
| LEADER |
00000cam a2200000 7i4500 |
| 001 |
0000018742 |
| 005 |
20070305.0 |
| 020 |
|
|
|a 9833376509
|
| 040 |
|
|
|a INS
|
| 090 |
0 |
0 |
|a KPG810.10
|b M84 2006
|
| 100 |
0 |
|
|a Muhammad Fathi Yusof
|
| 245 |
0 |
0 |
|a Soal jawab undang-undang kontrak
|c Muhammad Fathi Yusof
|
| 260 |
|
|
|a Bentong, Pahang :
|b PTS Professional Pub. ,
|c 2006
|
| 300 |
|
|
|a xi, 233 p. ;
|c 23 cm.
|
| 500 |
|
|
|a Mengandungi indeks
|
| 650 |
0 |
0 |
|a Commercial law
|z Malaysia
|x Examinations, questions, etc.
|
| 650 |
0 |
0 |
|a Contracts
|z Malaysia
|x Examinations, questions, etc.
|
| 999 |
|
|
|a 0000018044
|b BOOK
|c Open Shelf
|e Default branch
|